| 000 | 00478nam a2200181Ia 4500 | ||
|---|---|---|---|
| 003 | LK-CoDNM | ||
| 005 | 20240418093753.0 | ||
| 008 | 010623t1954 xxu||||| |||| 00| 1 sin d | ||
| 040 |
_aLK-CoDNM _dLK-CoDNM _eLK-CoDNM |
||
| 041 | _asin | ||
| 080 | _aජ12 | ||
| 100 | _aMukaveti,Alagiyavanna | ||
| 245 | _aකුස ජාතක කාව්ය | ||
| 246 | _aKusa Jaataka Kaavya | ||
| 260 |
_bRathnakara Book Shop _aColombo _c1954 |
||
| 300 | _b171p.,21 cm | ||
| 942 | _cBK | ||
| 999 |
_c103537 _d103537 |
||